00470nam a22001217a 4500008004100000020001500041050002300056100000900079245010800088260004000196300002100236440009100257150702b xxu||||| |||| 00| 0 eng d a1566901464 aG 60.212 .G58 1998 d1999 aGIS Solutions in natural resource management:balancing the technical-political equation/cMorain, Stan. aUnited states:bOnwordpress,c1999. axii,364p.bindex aGIS Solutions in natural resource managemen:balancing the tehnical-political equation/